| 000 | 01018nam a2200253Ia 4500 | ||
|---|---|---|---|
| 008 | 0000002003 usad 0000000000eng00 | ||
| 020 | _a897972511 | ||
| 090 | _aPUS00 D31r | ||
| 100 | 1 | _aDickson, Jane, 1952 | |
| 245 | 1 | 0 |
_aJane Dickson _b: recent works |
| 300 |
_a11 p. _c/ 24 cm. |
||
| 500 | _aExposición realizada en Marlborough, New York, septiembre 10 a octubre 4 de 2003 \ Incluye cronología del artista \ Registro auspiciado por la FGAA. Bogotá | ||
| 501 | _aHeading out, heading in : EZ riding with Jane Dickson / by Lilly Wei | ||
| 505 | _aOBRAS : God truck. Heading in. Motel III. Chinese kitchen. Heading in (2). | ||
| 600 | 0 | 0 |
_aDICKSON, JANE, 1952/ _xTRABAJOS PICTORICOS |
| 650 | 1 | 4 | _aARTE CONTEMPORANEO ESTADOUNIDENSE |
| 650 | 1 | 4 | _aARTISTAS PLASTICOS ESTADOUNIDENSES |
| 650 | 1 | 4 | _xCATALOGOS |
| 650 | 1 | 4 | _xEXPOSICIONES |
| 650 | 1 | 4 | _aPINTORES ESTADOUNIDENSES |
| 650 | 1 | 4 | _aPINTURA ESTADOUNIDENSE |
| 700 | 1 | _aWei, Lilly | |
| 999 |
_c10557 _d10557 |
||
| 260 |
_aNew York : Marlborough _c2003 |
||